000 00470nam a2200157 i 4500
001 62681
003 ES-MaACL
005 20230906164719.0
007 t|
008 031125s1973 sp ||||1| spa d
100 1 _aFernández Avello, Manuel.
_949490
245 1 4 _aLas palabras para Asturias y un epílogo "cartagineses" /
_cManuel Fernández Avello.
260 _a[S.l. :
_bs.n.,
_c1973] (
_fGrossi)
300 _a66 p. ;
_c23 cm.
852 _aES-MaACL
_jE-9932
_bR.88802
999 _c62681
_d62681